Problemas económicos internacionales / (Registro nro. 5541)
[ vista simple ]
| 000 -LEADER | |
|---|---|
| fixed length control field | 01172nam a2200265Ia 4500 |
| 003 - CONTROL NUMBER IDENTIFIER | |
| control field | OSt |
| 005 - DATE AND TIME OF LATEST TRANSACTION | |
| control field | 20200702123654.0 |
| 008 - FIXED-LENGTH DATA ELEMENTS--GENERAL INFORMATION | |
| fixed length control field | 191128s1970 mx gr 000 0 spa d |
| 040 ## - CATALOGING SOURCE | |
| Original cataloging agency | CO-JMCR |
| Transcribing agency | CO-JMCR |
| 041 0# - LANGUAGE CODE | |
| Language code of text/sound track or separate title | spa |
| 082 04 - DEWEY DECIMAL CLASSIFICATION NUMBER | |
| Classification number | 330.9 / |
| Item number | I537p |
| Edition number | 23 |
| 100 1# - MAIN ENTRY--PERSONAL NAME | |
| Personal name | Ingram, James, |
| Relator term | autor |
| 9 (RLIN) | 6484 |
| 245 10 - TITLE STATEMENT | |
| Title | Problemas económicos internacionales / |
| Statement of responsibility, etc. | James Ingram ; traducción Emilio Sierra ; revisión técnica, Miguel Iribarne |
| 260 ## - PUBLICATION, DISTRIBUTION, ETC. | |
| Place of publication, distribution, etc. | México : |
| Name of publisher, distributor, etc. | Centro Regional de Ayuda Técnica, |
| Date of publication, distribution, etc. | 1970. |
| 300 ## - PHYSICAL DESCRIPTION | |
| Extent | 216 páginas ; |
| Dimensions | 19 cm. |
| 490 0# - SERIES STATEMENT | |
| Series statement | Biblioteca de economía política. Introductoria |
| 505 0# - FORMATTED CONTENTS NOTE | |
| Formatted contents note | ¿Por qué comercian las naciones? -- El problema de los aranceles aduaneros -- Mecanismos monetarios mundiales -- Intercambio comercial entre países adelantados y países en vías de desarrollo -- La integración económica europea |
| 650 14 - SUBJECT ADDED ENTRY--TOPICAL TERM | |
| Topical term or geographic name entry element | Historia económica |
| 9 (RLIN) | 6485 |
| 650 24 - SUBJECT ADDED ENTRY--TOPICAL TERM | |
| Topical term or geographic name entry element | Sistema monetario internacional |
| 9 (RLIN) | 6486 |
| 650 24 - SUBJECT ADDED ENTRY--TOPICAL TERM | |
| Topical term or geographic name entry element | Comercio internacional |
| 9 (RLIN) | 4034 |
| 650 24 - SUBJECT ADDED ENTRY--TOPICAL TERM | |
| Topical term or geographic name entry element | Economía internacional |
| 9 (RLIN) | 6487 |
| 700 ## - ADDED ENTRY--PERSONAL NAME | |
| Personal name | Sierra, Emilio, |
| Relator term | traductor |
| 9 (RLIN) | 6488 |
| 700 1# - ADDED ENTRY--PERSONAL NAME | |
| Personal name | Iribarne, Miguel, |
| Relator term | revisor técnico |
| 9 (RLIN) | 6489 |
| 942 ## - ADDED ENTRY ELEMENTS (KOHA) | |
| Source of classification or shelving scheme | Dewey Decimal Classification |
| Koha item type | Books |
| Withdrawn status | Lost status | Source of classification or shelving scheme | Materials specified (bound volume or other part) | Damaged status | Not for loan | Home library | Current library | Shelving location | Date acquired | Source of acquisition | Cost, normal purchase price | Total Checkouts | Full call number | Barcode | Date last seen | Copy number | Price effective from | Koha item type |
|---|---|---|---|---|---|---|---|---|---|---|---|---|---|---|---|---|---|---|
| Dewey Decimal Classification | Donación--15/04/2019-- | Biblioteca Pública José María del Castillo y Rada | Biblioteca Pública José María del Castillo y Rada | General Stacks | 11/28/2019 | Donación | 0.00 | 330.9 / I537p | 430002057 | 05/16/2024 | Ej.1 | 11/28/2019 | Books |